Marvel 1974 Character Debuts Quiz Stats

 Plays Quiz not verified by Sporcle

Score 0/19 Timer 10:00
0 Plays Today
No. of Appearances Character % Correct
3,076James Howlett (Earth-616)
75.9%
981Frank Castle (Earth-616)
58.6%
764Daniel Rand (Earth-616)
55.2%
57Luther Manning (Earth-7484)
27.6%
182Colleen Wing (Earth-616)
24.1%
78Hannibal King (Earth-616)
17.2%
71Robert Hunter (Earth-616)
17.2%
66Maxwell Markham (Earth-616)
17.2%
189Eliot Franklin (Earth-616)
13.8%
179Brian Calusky (Earth-616)
13.8%
No. of Appearances Character % Correct
156Henry Camp (Earth-616)
13.8%
51Marduk Kurios (Earth-616)
10.3%
52BĂȘlit (Earth-616)
10.3%
72Topaz (Earth-616)
10.3%
104Pyreus Kril (Earth-616)
6.9%
51Abraham Brown (Earth-616)
6.9%
87Keniuchio Harada (Earth-616)
3.4%
52Lei-Kung (Earth-616)
3.4%
50Bova Ayrshire (Earth-616)
3.4%

You're not logged in!

Compare scores with friends on all Sporcle quizzes.
OR
Log In

Sporcle TV

Today on Sporcle TV


Watch our educational content, quiz creation guides, and fun videos on Sporcle TV.

Show Comments

Extras

Top Quizzes Today


Score Distribution

Your Account Isn't Verified!

In order to create a playlist on Sporcle, you need to verify the email address you used during registration. Go to your Sporcle Settings to finish the process.

Report this User

Report this user for behavior that violates our Community Guidelines.

Details: